Desítka největších reklamních trhů světa
Najväčšie reklamné trhy vo svete. Výsledky sledovanosti reklamy v USA, Japonsku, Nemecku, Veľkej Británii, Francúzsku, Brazílii, Južnej Kórei, Číne, Taliansku a v Mexiku.
Gespeichert in:
| Format: | Buchkapitel |
|---|---|
| Sprache: | Tschechisch |
| Schlagworte: | |
| Tags: |
Keine Tags, Fügen Sie das erste Tag hinzu!
|
MARC
| LEADER | 00000naa a2200000 4500 | ||
|---|---|---|---|
| 001 | r027285 | ||
| 005 | 20230911122803.6 | ||
| 041 | 0 | |a cze | |
| 044 | |a CZ | ||
| 245 | 1 | 0 | |a Desítka největších reklamních trhů světa |
| 520 | |a Najväčšie reklamné trhy vo svete. Výsledky sledovanosti reklamy v USA, Japonsku, Nemecku, Veľkej Británii, Francúzsku, Brazílii, Južnej Kórei, Číne, Taliansku a v Mexiku. | ||
| 610 | 2 | 0 | |a reklama |
| 610 | 2 | 0 | |a USA |
| 610 | 2 | 0 | |a Japonsko |
| 610 | 2 | 0 | |a Južná Kórea |
| 610 | 2 | 0 | |a Nemecko |
| 610 | 2 | 0 | |a Veľká Británia |
| 610 | 2 | 0 | |a Francúzsko |
| 610 | 2 | 0 | |a Brazília |
| 610 | 2 | 0 | |a Čína |
| 610 | 2 | 0 | |a Taliansko |
| 610 | 2 | 0 | |a Mexiko |